Helsinki - Culture générale - Statistiques

Statistiques générales
  • Ce quiz a été pris 412 fois
  • Le résultat moyen est 8 sur 15
Statistiques - réponses
Information Réponse % Correct
Couleur associée à la ville Blanc
92%
Grande ville russe à 4h de route de Helsinki Saint-Pétersbourg
91%
Mer à laquelle Helsinki peut accéder Mer Baltique
90%
Seule capitale au monde plus au nord que Helsinki Reykjavik
80%
Siècle durant lequel la ville est née XVIème
71%
Nation fondatrice de Helsinki Suède
67%
Golfe qui relie la ville à cette mer Golfe de {Finlande}
65%
Evenement qui se déroula dans la ville à l'été 1952 Jeux Olympiques
65%
Système d'exploitation créé ici par un certain Linus Linux
52%
Deuxième ville du pays à seulement 15 km du centre Espoo
23%
Compositeur finlandais né en périphérie Jean Sibelius
21%
Ancien nom, d'origine suédoise, de la ville Helsingfors
14%
Equipe de hockey sur glace helsinkienne qui jouait en KHL {Jokerit} Helsinki
6%
Héros national finlandais qui a son musée ici Mannerheim
6%
Province dans laquelle se trouve la ville Uusimaa
6%
Aucun quiz correspondant
Distribution des résultats
% des personnes avec chaque résultat
Percentile par nombre de réponses
Votre historique - résultats
Vous n’avez pas pris ce quiz